<?xml version="1.0" encoding="UTF-8"?>
<record
    xmlns:xsi="http://www.w3.org/2001/XMLSchema-instance"
    xsi:schemaLocation="http://www.loc.gov/MARC21/slim http://www.loc.gov/standards/marcxml/schema/MARC21slim.xsd"
    xmlns="http://www.loc.gov/MARC21/slim">

  <leader>00394nam a22001457a 4500</leader>
  <controlfield tag="003">OSt</controlfield>
  <controlfield tag="005">20120302150016.0</controlfield>
  <controlfield tag="008">090609t        xxu||||| |||| 00| 0 eng d</controlfield>
  <datafield tag="035" ind1=" " ind2=" ">
    <subfield code="a">&#x96B;&#x966;&#x966;&#x968;</subfield>
  </datafield>
  <datafield tag="040" ind1=" " ind2=" ">
    <subfield code="c">&#x92E;&#x930;&#x93E;&#x920;&#x940;</subfield>
  </datafield>
  <datafield tag="245" ind1=" " ind2=" ">
    <subfield code="a">&#x969;&#x966;&#x966;&#x966; &#x935;&#x938;&#x94D;&#x924;&#x941;&#x928;&#x93F;&#x937;&#x94D;&#x920; &#x92A;&#x94D;&#x930;&#x936;&#x94D;&#x928; </subfield>
  </datafield>
  <datafield tag="260" ind1=" " ind2=" ">
    <subfield code="b">&#x905;&#x928;&#x941;&#x92A;&#x92E;</subfield>
  </datafield>
  <datafield tag="300" ind1=" " ind2=" ">
    <subfield code="b">&#x968;&#x96A;&#x969; &#x92A;&#x93E;&#x928;&#x947; </subfield>
  </datafield>
  <datafield tag="942" ind1=" " ind2=" ">
    <subfield code="2">ddc</subfield>
    <subfield code="c">BOOK</subfield>
  </datafield>
  <datafield tag="999" ind1=" " ind2=" ">
    <subfield code="c">491121</subfield>
    <subfield code="d">491118</subfield>
  </datafield>
</record>
